000 00429nam a2200181Ia 4500
005 20240823012159.0
008 240823s9999||||xx |||||||||||||| ||und||
041 _aENGLISH
082 _A621.381 N0
100 _a"Brophy,James J"
245 0 _aBasic Electronics for Scientists
250 _a5th
260 _c1990
_b"MGH,New York"
500 _aYES
650 _aElectronics
_bElectronics
942 _cBK
999 _c163670
_d163670